Историзм против эклектики. Французская историческая школа "Анналов" в современной буржуазной историографии

Dades bibliogràfiques
Autor principal: Афанасьев Ю. Н. Юрий Николаевич
Idioma:rus
Publicat: Москва, Мысль, 1980
Matèries:
Format: MixedMaterials Llibre
KOHA link:https://koha.lib.tpu.ru/cgi-bin/koha/opac-detail.pl?biblionumber=134025

MARC

LEADER 00000nam0a2200000 4500
001 134025
005 20231101220450.0
035 |a (RuTPU)RU\TPU\book\145269 
090 |a 134025 
100 |a 20080325d1980 km y0rusy50 ca 
101 0 |a rus 
102 |a RU 
105 |a y z 001zy 
200 1 |a Историзм против эклектики. Французская историческая школа "Анналов" в современной буржуазной историографии 
210 |a Москва  |c Мысль  |d 1980 
215 |a 279 с. 
320 |9 572  |a Библиогр.: с. 252-276 
320 |9 572  |a Библиография в ссылках 
606 1 |a Историография во Франции  |2 stltpush  |3 (RuTPU)RU\TPU\subj\52384  |9 70860 
610 1 |a Франция 
610 1 |a исторические школы 
610 1 |a историзм 
610 1 |a эклектика 
610 1 |a историческая наука 
610 1 |a анналы 
610 1 |a глобальная история 
686 |a Т1(0)  |2 rubbk 
700 1 |a Афанасьев  |b Ю. Н.  |g Юрий Николаевич 
801 1 |a RU  |b 63413507  |c 20080228  |g PSBO 
801 2 |a RU  |b 63413507  |c 20220928  |g PSBO 
942 |c BK